Focus 1 (Record no. 76498)
[ view plain ]
| 000 -LEADER | |
|---|---|
| fixed length control field | 00707cab a2200181 4500 |
| 001 - CONTROL NUMBER | |
| control field | ##L132570 |
| 008 - FIXED-LENGTH DATA ELEMENTS--GENERAL INFORMATION | |
| fixed length control field | 060217n2006 000 0 eng u |
| 035 ## - SYSTEM CONTROL NUMBER | |
| System control number | (Sirsi) u132570 |
| 041 0# - LANGUAGE CODE | |
| Language code of text/sound track or separate title | eng |
| 100 1# - MAIN ENTRY--PERSONAL NAME | |
| Personal name | Buckley, Donal |
| 245 00 - TITLE STATEMENT | |
| Title | Focus 1 |
| Remainder of title | Ireland update |
| 260 ## - PUBLICATION, DISTRIBUTION, ETC. | |
| Date of publication, distribution, etc. | 2006 |
| 490 #0 - SERIES STATEMENT | |
| Series statement | Estates Gazette |
| Volume/sequential designation | (606) 11 February 2006, 111-121(7) |
| 520 ## - SUMMARY, ETC. | |
| Summary, etc. | Covers retail development in Ireland where supply is catching up with demand. Reports on the optimistic forecast for Irish office and industrial property and surveys Northern Ireland's office and retail and leisure property sectors. |
| 590 ## - LOCAL NOTE (RLIN) | |
| Local note | IKA280206 |
| 690 ## - LOCAL SUBJECT ADDED ENTRY--TOPICAL TERM (OCLC, RLIN) | |
| Topical term or geographic name as entry element | PROPERTY-COMMERCIAL PROPERTY-COMMERCIAL PROPERTY MARKET |
| 942 ## - ADDED ENTRY ELEMENTS (KOHA) | |
| Suppress in OPAC | 0 |
| Withdrawn status | Lost status | Source of classification or shelving scheme | Damaged status | Not for loan | Home library | Current library | Shelving location | Date acquired | Total Checkouts | Full call number | Barcode | Date last seen | Copy number | Price effective from | Koha item type |
|---|---|---|---|---|---|---|---|---|---|---|---|---|---|---|---|
| Dewey Decimal Classification | London | London | Journal article | 17/02/2006 | L132570 | 132570-1001 | 06/08/2019 | 1 | 06/08/2019 | Journal article |